000
00238nam a2200085Ia 4500
008
170620s9999 xx 000 0 und d
100
_a
Chandra- Soti Shivender
245
0
_a
Teaching of Social Science
260
_b
Meerut- International Publishing House
260
_c
2004
999
_c
23945
_d
23945